Culture Générale - Série 231 - Statistiques

Statistiques générales
  • Ce quiz a été pris 276 fois
  • Le résultat moyen est 7 sur 10
Statistiques - réponses
Question Réponse % Correct
Quelle est la principale vitamine que vous apporte un ananas frais ? Vitamine C
97%
Pendant combien d'années Bill Clinton a-t-il été président des Etats-Unis ? 8 ans
95%
Quel type d'accent faut-il ajouter au mot "la" pour en faire un adverbe ? Grave
95%
Quel format de papier a pour dimensions : 29,7 x 42 cm ? A3
92%
A la belote, quelle est la 2e carte la plus forte en dehors des atouts ? Le 10
76%
Qui est l'inoubliable interprète de "Pour le plaisir" en 1981 ? Herbert Léonard
59%
En électricité, quelle est l'unité de mesure de la fréquence ? Le hertz
57%
Quel outil Jeanneton prend-elle dans une célèbre chanson traditionnelle ? Une faucille
52%
En 1995, qui est l'interprète de la chanson-titre du film "GoldenEye" ? Tina Turner
40%
Quel est le prénom du "misanthrope" dans la pièce de Molière ? Alceste
22%
Aucun quiz correspondant
Distribution des résultats
% des personnes avec chaque résultat
Percentile par nombre de réponses
Votre historique - résultats
Vous n’avez pas pris ce quiz